[Event "Deltalift Open 2017"]
[Site "Tylosand SWE"]
[Date "2017.05.25"]
[Round "4.18"]
[White "Wiander,M"]
[Black "Nilsson,Roy M"]
[Result "1-0"]
[WhiteElo "2235"]
[BlackElo "2007"]

1.e4 d5 2.d4 dxe4 3.Nc3 Nf6 4.f3 exf3 5.Nxf3 c6 6.Bc4 e6 7.O-O Be7 8.Kh1 O-O
9.Qe1 c5 10.dxc5 Bxc5 11.Bg5 Be7 12.Qh4 Nbd7 13.Bd3 b6 14.Bxh7+ Nxh7 15.Bxe7
Qc7 16.Bxf8 Ndxf8 17.Ng5 Nxg5 18.Qxg5 Ba6 19.Ne4 Nh7 20.Qf4 e5 21.Qf3 Rf8
22.Rf2 Bb7 23.Qe3 f5 24.Ng5 Nxg5 25.Qxg5 Be4 26.Rd1 Rf6 27.Rfd2 Qc6 28.Rd8+
Kh7 29.R1d7 Rg6 30.Qh5+ Rh6 31.Qg5 Rg6 32.Rxg7+ Kxg7 33.Qe7+ Kh6 34.Rh8# 1-0

[Event "Deltalift Open 2017"]
[Site "Tylosand SWE"]
[Date "2017.05.26"]
[Round "6.9"]
[White "Brzezinski,A"]
[Black "Hector,J"]
[Result "0-1"]
[WhiteElo "2129"]
[BlackElo "2498"]

1.d4 d5 2.Bf4 c5 3.e3 Nc6 4.c3 Nf6 5.Nd2 cxd4 6.exd4 Bf5 7.Ngf3 e6 8.Qb3 Bd6
9.Bxd6 Qxd6 10.Be2 O-O 11.O-O h6 12.Rfe1 Rab8 13.a4 Rfd8 14.Qa3 Qc7 15.Nb3 b6
16.Nc1 Na5 17.Ne5 Ne4 18.f3 Nd6 19.Bd3 f6 20.Bxf5 Nxf5 21.Ned3 e5 22.Ne2 Ne3
23.Rac1 Re8 24.Qa2 Qc4 25.Qxc4 dxc4 26.Nb4 Nb3 27.Rb1 a5 28.Nc6 Rbc8 29.Na7
Rcd8 30.dxe5 Rd2 31.Kf2 Rxe5 32.Nc6 Re8 33.g4 Nc2 {#R} 0-1

[Event "ch-Flemish 2017"]
[Site "Ghent BEL"]
[Date "2017.05.28"]
[Round "7.8"]
[White "Beukema,Jasper"]
[Black "Mitran,Anthony Cristian"]
[Result "1-0"]
[WhiteElo "2233"]
[BlackElo "2046"]

1.d4 d5 2.Bf4 Nf6 3.e3 Bf5 4.c4 e6 5.Nc3 c6 6.Qb3 Qb6 7.c5 Qxb3 8.axb3 Nbd7
9.b4 Nh5 10.Bg5 h6 11.Bh4 Be7 12.Bxe7 Kxe7 13.b5 Rhb8 14.f3 Nhf6 15.g4 Bg6
16.h4 Ne8 17.b4 Nc7 18.Rh2 a6 19.b6 Nb5 20.Bxb5 axb5 21.Rha2 Rxa2 22.Rxa2 e5
23.Kd2 f6 24.h5 Bh7 25.Nge2 Nf8 26.Nc1 Ne6 27.Nb3 Kd7 28.Ra7 Kc8 29.dxe5 fxe5
30.Na5 Nd8 31.f4 Kd7 32.f5 Bg8 33.Ke2 Bf7 34.Kf3 Be8 35.e4 d4 36.Nd5 Bf7
37.Nc7 Kc8 38.Ke2 Bg8 39.Ne8 Bc4+ 40.Kd2 Nf7 41.Nd6+ Nxd6 42.cxd6 Bf1 43.d7+
Kxd7 44.Nxb7 Bc4 45.Nc5+ Kd8 46.Rxg7 Rxb6 47.g5 {#r} 1-0

[Event "26th Chicago Open 2017"]
[Site "Chicago USA"]
[Date "2017.05.27"]
[Round "5.33"]
[White "Niemann,Hans M"]
[Black "Ulrich,Rachel J"]
[Result "1-0"]
[WhiteElo "2282"]
[BlackElo "2073"]
[EventType "swiss"]

1.d4 d5 2.Bf4 Nf6 3.e3 c5 4.dxc5 e6 5.b4 a5 6.c3 Nc6 7.Bb5 Bd7 8.Nf3 axb4
9.Bxc6 Bxc6 10.cxb4 b6 11.O-O bxc5 12.bxc5 Bxc5 13.Qc2 Nd7 14.Qc3 O-O 15.Ne5
Rc8 16.Nd2 Ba8 17.Rac1 Nb6 18.Qa5 Qe7 19.Nb3 Nc4 20.Nxc4 dxc4 21.Nxc5 Qxc5
22.Qxc5 Rxc5 23.Bd6 Rg5 24.f3 Rc8 25.e4 Ra5 26.a3 f6 27.Bb4 Ra7 28.Rfd1 Rac7
29.Kf2 Bb7 30.Ke3 e5 31.Rd2 Ba6 32.Rc3 Bb5 33.Rd5 Ba4 34.g3 Bb3 35.f4 exf4+
36.gxf4 Re8 37.Kd4 Rc6 38.Bd6 Kf7 39.e5 Rd8 40.h4 g6 41.Rb5 Ke6 42.Rb7 h5
43.Re7+ Kf5 44.Kd5 Ra6 45.Rf7 Rxa3 46.Rxf6+ Kg4 47.Ke4 Ra7 48.Rxg6+ Kxh4
49.Bc5 {#r} 1-0

[Event "TCh-FRA Top 12 2017"]
[Site "Chartres FRA"]
[Date "2017.05.23"]
[Round "6.3"]
[White "Maze,S"]
[Black "Geenen,M"]
[Result "1-0"]
[WhiteElo "2619"]
[BlackElo "2266"]

1.d4 d5 2.Nf3 Nf6 3.Bf4 c5 4.e3 Nc6 5.Nbd2 cxd4 6.exd4 Bf5 7.c3 h6 8.Ne5 Nxe5
9.dxe5 Nd7 10.g4 Bg6 11.e6 fxe6 12.Nf3 Qb6 13.Ne5 Nxe5 14.Bxe5 Be4 15.Rg1 Qxb2
16.Qa4+ Kd8 17.Rd1 Qc2 18.Qb4 Bf3 19.Rb1 b6 20.Ba6 Rc8 21.Rg3 Qe4+ 22.Qxe4
Bxe4 23.Bxc8 Bxb1 24.Bxe6 Bxa2 25.h4 h5 26.g5 Bb1 27.f4 Bh7 28.f5 Bg8 29.Rd3
Bxe6 30.fxe6 Kc8 31.Rxd5 Kb7 32.Rd7+ Kc6 33.Kd2 b5 34.Kd3 Rg8 35.g6 Rh8 36.Bf4
a5 37.c4 bxc4+ 38.Kxc4 Rg8 39.Ra7 Kb6 40.Be3+ Kc6 41.Ra6+ {#r} 1-0

[Event "TCh-FRA Top 12 2017"]
[Site "Chartres FRA"]
[Date "2017.05.24"]
[Round "7.3"]
[White "Choisy,M"]
[Black "Guichard,P"]
[Result "0-1"]
[WhiteElo "2153"]
[BlackElo "2312"]

1.d4 Nf6 2.Nf3 e6 3.Bf4 c5 4.e3 Nc6 5.c3 Be7 6.Nbd2 Nh5 7.Bg3 b6 8.Bd3 Nxg3
9.hxg3 h6 10.Ne5 Nxe5 11.dxe5 Qc7 12.f4 Bb7 13.Qe2 a6 14.O-O-O b5 15.Be4 c4
16.Qf3 Rb8 17.Bxb7 Rxb7 18.Ne4 b4 19.Rd2 bxc3 20.Nxc3 Bb4 21.Rhd1 Qb6 22.e4
Qa5 23.Rc2 O-O 24.a3 Be7 25.g4 Rfb8 26.Nb1 Rb3 27.Qe2 c3 28.Rxc3 Rxc3+ 29.Nxc3
Bxa3 30.Rd2 Qxc3+ {#R} 0-1

[Event "TCh-FRA Top 12 2017"]
[Site "Chartres FRA"]
[Date "2017.05.25"]
[Round "8.1"]
[White "Le Roux,JP"]
[Black "Bellahcene,B"]
[Result "0-1"]
[WhiteElo "2538"]
[BlackElo "2452"]

1.Nf3 d5 2.d4 Nf6 3.Bf4 e6 4.e3 c5 5.c3 Nc6 6.Nbd2 Bd6 7.Bg3 O-O 8.Bb5 Qe7
9.Bxc6 bxc6 10.Qa4 cxd4 11.cxd4 Bxg3 12.hxg3 a5 13.O-O Ba6 14.Rfc1 Bb5 15.Qc2
a4 16.Ne5 Rfc8 17.Qc5 Qd8 18.Rc3 Ne8 19.Rac1 f6 20.Nd3 Nd6 21.Nf4 Qd7 22.f3
Re8 23.Nd3 Nf5 24.Nf1 e5 25.dxe5 fxe5 26.g4 Nh4 27.Nf2 Rad8 28.Ra3 Re6 29.Ng3
Qf7 30.e4 Rh6 31.Qe3 Qe7 32.Nh3 d4 33.Qg5 Qxg5 34.Nxg5 Rhd6 35.Nf1 Ng6 36.Nh3
Nf8 37.Nd2 Ne6 38.b3 axb3 39.axb3 h6 40.Ra5 R6d7 41.Kh2 Kf7 42.g3 g5 43.Nf2
Kg7 44.Kg2 Rf8 45.Rca1 Nc5 46.Rc1 Ne6 47.Rca1 Rdf7 48.Ra7 Be2 49.Rxf7+ Rxf7
50.Nd1 Nc5 51.Kf2 Bd3 52.Ke1 Bc2 53.Ra3 Rb7 54.Nb2 Kf6 55.Nbc4 Nxb3 56.Ra6 Rc7
57.Nd6 Ke7 58.Nf5+ Kd7 59.Nc4 d3 60.Nxe5+ Kc8 61.Nc4 Kb7 62.Ra3 c5 63.e5 Kc6
64.Ra6+ Kb5 65.Rd6 Kxc4 66.Ne3+ Kb5 67.e6 Nd4 68.Kd2 Bb3 69.Kxd3 Bxe6 70.f4
Rd7 71.Rxd7 Bxd7 72.f5 Bc6 73.f6 Nf3 74.Nc4 Bd5 75.Nd6+ Kc6 76.Nf5 Ne5+ 77.Kc3
Nf7 {#R} 0-1

[Event "chess.com Speed 3m+2spm 2017"]
[Site "chess.com INT"]
[Date "2017.05.24"]
[Round "1.12"]
[White "Karjakin,Sergey"]
[Black "Meier,Geo"]
[Result "0-1"]
[WhiteElo "2783"]
[BlackElo "2630"]

1.d4 e6 2.Nf3 Nf6 3.Bf4 b6 4.e3 Bb7 5.Bd3 c5 6.O-O Be7 7.Nbd2 Nh5 8.c3 h6
9.Re1 Nc6 10.Rc1 O-O 11.Bb1 Rc8 12.Ne4 Nxf4 13.exf4 cxd4 14.Nxd4 Nxd4 15.Qxd4
Qc7 16.Ng3 Bc5 17.Qd2 f5 18.Bd3 Bd6 19.Ne2 Qc6 20.f3 Qd5 21.a3 Rcd8 22.Rcd1
Bc5+ 23.Kf1 Qc6 24.Bb1 Qc7 25.Nd4 a6 26.Qe3 b5 27.Rd2 Kh8 28.Red1 Rde8 29.Bc2
Bd5 30.g3 Bb6 31.Kg2 d6 32.Qe2 Qf7 33.Bb1 Re7 34.Qf1 Rfe8 35.Re1 Bc4 36.Bd3
Bd5 37.Bb1 g6 38.Red1 Bc4 39.Bd3 Bd5 40.Re1 Bb7 41.Bb1 e5 42.fxe5 dxe5 43.Ne2
g5 44.Rd6 Ba7 45.h3 Kg7 46.Red1 h5 47.Nc1 g4 48.hxg4 hxg4 49.R1d3 Rh8 50.Ba2
Qh5 {#R} 0-1

[Event "chess.com Speed 3m+2spm 2017"]
[Site "chess.com INT"]
[Date "2017.05.24"]
[Round "1.14"]
[White "Karjakin,Sergey"]
[Black "Meier,Geo"]
[Result "1-0"]
[WhiteElo "2783"]
[BlackElo "2630"]

1.d4 Nf6 2.Nf3 d5 3.Bf4 c5 4.e3 Nc6 5.c3 Bg4 6.Nbd2 e6 7.Qb3 Qc8 8.Ne5 Nxe5
9.Bxe5 c4 10.Qc2 Bf5 11.Qd1 Nd7 12.g4 Bg6 13.Bg3 h5 14.g5 h4 15.Bf4 Qc6 16.a4
Bd6 17.Bxd6 Qxd6 18.f4 Qc7 19.a5 Bf5 20.Be2 f6 21.gxf6 gxf6 22.Bh5+ Ke7 23.Bf3
b6 24.O-O bxa5 25.Kh1 Rab8 26.Ra2 Rb6 27.Rg1 Kf7 28.Qe2 Rbb8 29.e4 dxe4
30.Bxe4 Bxe4+ 31.Qxe4 f5 32.Qf3 Nf6 33.Ra4 Qd7 34.Rxa5 Rhc8 35.Ra2 Qb7
36.Qxb7+ Rxb7 37.Nf3 Nd5 38.Ne5+ Kf8 39.Ng6+ Ke8 40.Ra6 Nb6 41.Ne5 Kf8 42.Rg6
Re7 43.Rh6 Kg7 44.Rxh4 Nd5 45.Ra1 {#r} 1-0

[Event "chess.com Speed 1m+1spm 2017"]
[Site "chess.com INT"]
[Date "2017.05.24"]
[Round "1.23"]
[White "Meier,Geo"]
[Black "Karjakin,Sergey"]
[Result "0-1"]
[WhiteElo "2630"]
[BlackElo "2783"]

1.Nf3 d5 2.d4 Nf6 3.Bf4 c5 4.e3 Nc6 5.Nbd2 cxd4 6.exd4 Bf5 7.c3 e6 8.Qb3 Qc8
9.Nh4 Be4 10.Nxe4 dxe4 11.g3 Be7 12.Ng2 Nd5 13.Bc4 Qd7 14.Qc2 f5 15.O-O O-O
16.Rae1 Rac8 17.Qe2 Bf6 18.Bb3 Kh8 19.f3 Bxd4+ 20.cxd4 Nxd4 21.Qd1 Nxf3+
22.Rxf3 exf3 23.Qxf3 a5 24.Be5 a4 25.Bxd5 Qxd5 26.Qxd5 exd5 27.Rd1 Rfd8 28.Bd4
Kg8 29.a3 Kf7 30.h4 Re8 31.Ne3 g6 32.Kf2 Re4 33.Kf3 b5 34.Bc3 Rd8 35.Nxd5 h6
36.Rd2 g5 37.hxg5 hxg5 38.Nc7 Rxd2 39.Bxd2 g4+ 40.Kf2 Rd4 41.Bc3 Rd3 42.Nxb5
Ke6 43.Nd4+ Ke5 44.Ne2+ Ke4 45.Bb4 Rf3+ 46.Ke1 Kd3 {#R} 0-1

[Event "chess.com Speed 1m+1spm 2017"]
[Site "chess.com INT"]
[Date "2017.05.25"]
[Round "1.28"]
[White "Giri,A"]
[Black "So,W"]
[Result "1-0"]
[WhiteElo "2785"]
[BlackElo "2815"]

1.d4 d5 2.Nf3 Nf6 3.Bf4 e6 4.e3 c5 5.c3 Nc6 6.Nbd2 Nh5 7.Bg5 f6 8.Bh4 g6 9.Bd3
cxd4 10.cxd4 Be7 11.O-O Bd7 12.a3 O-O 13.Rc1 Rc8 14.Nb1 Qb6 15.Qe2 Na5 16.Nc3
Nc4 17.Bxc4 Rxc4 18.e4 dxe4 19.Qxc4 exf3 20.d5 fxg2 21.Rfe1 Rc8 22.Qe4 e5
23.d6 Bxd6 24.Nd5 Qxb2 25.Rxc8+ Bxc8 26.Nxf6+ Nxf6 27.Bxf6 Be6 28.Bxe5 Bxe5
29.Qxe5 Qxe5 30.Rxe5 Kf7 31.Kxg2 Kf6 32.f4 Bd7 33.Kf2 Bc6 34.Ke3 a6 35.h4 h6
36.Kd4 Bf3 37.Kc5 Bc6 38.Kd6 Kf7 39.f5 g5 40.hxg5 hxg5 41.Re6 g4 42.Rg6 g3
43.Ke5 g2 44.Rg5 b5 45.f6 a5 46.Rg7+ Kf8 47.Ke6 b4 48.axb4 axb4 49.Rf7+ Kg8
50.Rg7+ Kf8 51.Rf7+ Ke8 52.Rg7 Kf8 53.Rg3 b3 54.f7 {#r} 1-0

[Event "10th KIIT Elite Open 2017"]
[Site "Bhubaneswar IND"]
[Date "2017.05.28"]
[Round "4.12"]
[White "Fenil,S"]
[Black "Raghunandan,K"]
[Result "1-0"]
[WhiteElo "2252"]
[BlackElo "2410"]

1.d4 d5 2.Nf3 Nf6 3.c4 e6 4.e3 b6 5.Bd3 Bb7 6.O-O Nbd7 7.b3 dxc4 8.bxc4 c5
9.Bb2 Be7 10.Qe2 O-O 11.Rd1 cxd4 12.exd4 Re8 13.Nbd2 Qc7 14.Rac1 Rac8 15.Bb1
Nf8 16.Ne5 Ng6 17.Ndf3 Nd7 18.Qd3 Ndxe5 19.Nxe5 Bf6 20.f4 Red8 21.Qe3 Be7
22.Qh3 Bd6 23.Re1 Qe7 24.d5 Bxe5 25.Bxe5 exd5 26.Bd4 Qh4 27.Qxh4 Nxh4 28.c5
bxc5 29.Bxc5 Ng6 30.Bxg6 hxg6 31.Bxa7 Rxc1 32.Rxc1 Ra8 33.Bf2 Rxa2 34.Rd1 Ba6
35.Be3 Re2 36.Bc5 Bc4 37.Bb4 Re4 38.Bd6 d4 39.Rd2 Re1+ 40.Kf2 Rf1+ 41.Kg3 d3
42.Bc5 f6 43.Bf2 Kf7 44.Kf3 Rb1 45.Ke3 Ke6 46.Kd4 Bb5 47.Ke3 Kd5 48.Ra2 Rb4
49.Kf3 Kc4 50.Be1 Rb1 51.Bd2 Bc6+ 52.Ke3 Rb8 53.Kf2 Re8 54.Be3 Be4 55.Ra7 Rc8
56.Ra4+ Kc3 57.Rxe4 Rc7 58.Ra4 Rd7 59.Ke1 Re7 60.Kf2 Rd7 61.Ra1 Kb2 62.Rd1 Kc2
63.Rc1+ Kb2 64.Bd2 Re7 65.Re1 Rd7 66.Ke3 g5 67.fxg5 fxg5 68.Rf1 Rd6 69.Rf5 g4
70.Rf4 Kc2 71.Rc4+ Kb2 72.Rxg4 {#r} 1-0

[Event "Deltalift Open 2017"]
[Site "Tylosand SWE"]
[Date "2017.05.25"]
[Round "4.2"]
[White "Tikkanen,H"]
[Black "Sjodahl,P"]
[Result "1-0"]
[WhiteElo "2504"]
[BlackElo "2413"]

1.d4 Nf6 2.Nf3 e6 3.Bf4 b6 4.e3 Bb7 5.Bd3 d5 6.c3 Nbd7 7.Nbd2 Ne4 8.Bxe4 dxe4
9.Ng5 Be7 10.Ngxe4 f5 11.Ng3 O-O 12.h4 Bxg2 13.Rg1 Bb7 14.Nh5 Rf7 15.Bg5 Qe8
16.Qb3 Bd6 17.O-O-O Kh8 18.Nf4 e5 19.dxe5 Nxe5 20.Nc4 Nxc4 21.Qxc4 b5 22.Qe2
a5 23.h5 b4 24.c4 Qe4 25.h6 g6 26.Nd5 Bxd5 27.Rxd5 a4 28.f3 Qe6 29.Rgd1 Re8
30.Qd3 Kg8 31.Ra5 a3 32.bxa3 bxa3 33.Qd5 Qc8 34.c5 Bf8 35.Rxa3 c6 36.Qc4 Re5
37.Ra5 Qc7 38.Ra8 Rd5 39.Rxd5 cxd5 40.Qxd5 Qd7 41.Qxd7 Rxd7 42.Bf4 {#r} 1-0

[Event "ch-Flemish 2017"]
[Site "Ghent BEL"]
[Date "2017.05.25"]
[Round "2.8"]
[White "Mitran,Anthony Cristian"]
[Black "Maddens,M"]
[Result "1-0"]
[WhiteElo "2046"]
[BlackElo "2210"]

1.d4 d5 2.Nf3 e6 3.g3 c6 4.Bg2 Nf6 5.O-O Bd6 6.b3 O-O 7.Bb2 Nbd7 8.c4 b6 9.Nc3
Bb7 10.Nd2 Qe7 11.a4 Bb4 12.e4 dxe4 13.Ncxe4 Nxe4 14.Nxe4 Nf6 15.Nxf6+ Qxf6
16.Qe2 Qg5 17.Rad1 Rad8 18.Rd3 Rd7 19.Rfd1 Rfd8 20.h4 Qe7 21.h5 h6 22.Re3 Qf8
23.Re4 Be7 24.Rg4 Bf6 25.Qe3 Kh8 26.Rb1 c5 27.Bxb7 Rxb7 28.dxc5 Bxb2 29.c6 Rc7
30.Rxb2 Qd6 31.Rb1 Rxc6 32.Re1 Rc5 33.Qc3 f6 34.Rge4 e5 35.Qf3 Rc7 36.Kg2 Rcd7
37.R4e3 Qd2 38.Qf5 Qd6 39.Qf3 Kg8 40.Qf5 Qc6+ 41.Qf3 Qxf3+ 42.Kxf3 Kf7 43.g4
a5 44.Rc3 Ke6 45.Ke3 Kd6 46.Rd1+ Kc5 47.Rxd7 Rxd7 48.Rd3 Rxd3+ 49.Kxd3 Kb4
50.Kc2 Kc5 51.Kc3 e4 52.Kc2 Kc6 53.Kc3 Kc5 54.b4+ axb4+ 55.Kb3 Kd6 56.Kxb4 Kc6
57.c5 bxc5+ 58.Kc4 Kb6 59.Kd5 Ka5 60.Kxc5 Kxa4 61.Kd5 f5 62.gxf5 Kb5 63.Ke6
Kc4 64.Kf7 Kd3 65.Kxg7 Ke2 66.f6 Kxf2 67.f7 {#r} 1-0

[Event "26th Chicago Open 2017"]
[Site "Chicago USA"]
[Date "2017.05.26"]
[Round "2.20"]
[White "Moon,Benjamin"]
[Black "Gurevich,D"]
[Result "0-1"]
[WhiteElo "2299"]
[BlackElo "2454"]
[EventType "swiss"]

1.d4 Nf6 2.Bf4 e6 3.e3 c5 4.Nd2 Nc6 5.c3 d5 6.Ngf3 Bd6 7.Bg3 O-O 8.Bd3 b6 9.e4
Be7 10.e5 Nh5 11.Ng5 Bxg5 12.Qxh5 g6 13.Qe2 cxd4 14.h4 Bh6 15.h5 dxc3 16.bxc3
g5 17.Nf3 f5 18.exf6 Qxf6 19.O-O Bg7 20.Rad1 e5 21.Bc2 Be6 22.Rfe1 e4 23.c4
Bf5 24.Nh2 Nd4 25.Rxd4 Qxd4 26.cxd5 Rac8 27.d6 Rc3 28.Rd1 Qc5 29.Bb3+ Kh8
30.Nf1 Rd3 31.Ne3 Rxd1+ 32.Qxd1 Bd7 33.Bd5 Qd4 34.Qc2 Be5 35.Bxe5+ Qxe5 36.Qc7
Qa1+ 37.Kh2 Qe5+ 38.Kg1 {#R} 0-1

[Event "26th Chicago Open 2017"]
[Site "Chicago USA"]
[Date "2017.05.26"]
[Round "3.41"]
[White "Williams,Justus D"]
[Black "Arvind,C"]
[Result "1-0"]
[WhiteElo "2383"]
[BlackElo "2178"]
[EventType "swiss"]

1.d4 Nf6 2.Bf4 d5 3.e3 c5 4.c3 Nc6 5.Nd2 e6 6.Ngf3 Bd6 7.Bg3 O-O 8.Bd3 b6 9.e4
Be7 10.e5 Nh5 11.a3 a5 12.Qe2 Ra7 13.Nf1 g6 14.Ne3 cxd4 15.cxd4 f5 16.exf6
Bxf6 17.Nc2 Nxg3 18.hxg3 e5 19.dxe5 Nxe5 20.Nxe5 Bxe5 21.Ne3 Re7 22.Nxd5 Bc3+
23.Nxc3 Bg4 24.Qxe7 Qxe7+ 25.Be4 b5 26.O-O b4 27.axb4 axb4 28.Rae1 Qf6 29.Nd5
Qd4 30.Ne7+ Kg7 31.b3 Bd7 32.Re3 Re8 33.Bf3 Qc5 34.Rfe1 Kf8 35.Re5 Qc2 36.R1e3
Qc1+ 37.Kh2 Qb2 38.Be2 Qd4 39.Bc4 Qd6 40.Rd5 Qc7 41.Rf3+ Kxe7 42.Rf7+ Kxf7
43.Rxd7+ {#r} 1-0

[Event "26th Chicago Open 2017"]
[Site "Chicago USA"]
[Date "2017.05.26"]
[Round "3.42"]
[White "Young,An"]
[Black "Huang,Andy"]
[Result "1-0"]
[WhiteElo "2281"]
[BlackElo "2165"]
[EventType "swiss"]

1.d4 d5 2.Nf3 Nf6 3.Bf4 e6 4.e3 c5 5.c3 Be7 6.Nbd2 O-O 7.Bd3 b6 8.Ne5 Bb7
9.Qf3 Nbd7 10.Qh3 g6 11.Bh6 Re8 12.f4 Ne4 13.Nxe4 dxe4 14.Bb5 Bc8 15.Bc6 Nxe5
16.fxe5 Ba6 17.Bxe4 Rc8 18.Qf3 Qd7 19.Rd1 Bf8 20.Bxf8 Rxf8 21.Qf6 Qa4 22.a3
Qb3 23.Rd2 cxd4 24.exd4 Qa2 25.g4 Rfd8 26.h4 Bd3 27.Rxd3 Qb1+ 28.Kf2 Qxb2+
29.Kg3 {#r} 1-0

[Event "Mateu Chalmeta Mem 2017"]
[Site "Sant Boi ESP"]
[Date "2017.05.26"]
[Round "6.2"]
[White "Chalmeta Ugas,R"]
[Black "Moreno Martin,D"]
[Result "1-0"]
[WhiteElo "2276"]
[BlackElo "2194"]

1.d4 d5 2.Nf3 Nf6 3.g3 c6 4.Bg2 Bf5 5.O-O h6 6.b3 e6 7.Bb2 Be7 8.c4 O-O 9.Nc3
Nbd7 10.Re1 Ne4 11.Nd2 Nxc3 12.Bxc3 Nf6 13.Qc1 a5 14.a3 a4 15.Qb2 axb3 16.Qxb3
Ra7 17.a4 Qd7 18.Ra2 Rfa8 19.Rea1 Bd8 20.a5 dxc4 21.Qxc4 e5 22.Rb2 exd4
23.Qxd4 Qxd4 24.Bxd4 Rxa5 25.Rxa5 Bxa5 26.Nc4 Rd8 27.Bxf6 gxf6 28.f4 Rd1+
29.Kf2 Be1+ 30.Kf3 Rb1 31.Rxb1 Bxb1 32.Nd6 b5 33.Ke3 Bb4 34.Ne4 f5 35.Nf6+ Kg7
36.Nd7 c5 37.Bc6 c4 38.Ne5 c3 39.Nd3 Ba5 40.Bxb5 Bb6+ 41.Kf3 Ba2 42.e3 c2
43.Ke2 Ba5 44.Ba4 Bb1 45.Nc1 Bb4 46.Kd3 Bc5 47.Bxc2 Bxc2+ 48.Kxc2 Bxe3 49.Ne2
Bc5 50.Kd3 Kf6 51.Nd4 Bb4 52.Kc4 Be1 53.Kd5 Bf2 54.Nf3 Be3 55.Kd6 Bf2 56.Kd7
Be3 57.Kd6 Bf2 58.Ne5 Bg1 59.Nd7+ Kg7 60.h3 Bh2 61.Ke5 Bxg3 62.Kxf5 Bh4 63.Ne5
Be7 64.Nf3 Bd8 65.Nd4 Bb6 66.Nc6 Bc5 67.Ne5 Bd6 68.Ng4 Bc7 69.Nf6 Bb8 70.h4
Ba7 71.h5 Bd4 72.Ng4 Bc3 73.Ke4 Bb2 74.Kd5 Bc3 75.f5 Bb2 76.Kd6 Bc3 77.Ke7
Bb4+ 78.Ke8 Bc3 79.Kd7 Bb2 80.Kd6 Bc3 81.Kd5 Bb2 82.Kc4 Bf6 83.Nf2 Be5 84.Ne4
Bb2 85.Kd5 Ba1 86.Kd6 Bb2 87.Kd7 Bf6 88.Nd6 Kf8 89.Nc8 Bg5 90.Nb6 Bh4 91.Kd6
Bg3+ 92.Kd7 Bh4 93.Nd5 Kg7 94.Kd6 Bg3+ 95.Ke7 f6 96.Ke6 Be5 97.Nb6 Bd4 98.Nc4
Be5 99.Nd6 Bc3 100.Ne8+ Kf8 101.Nxf6 Kg7 102.Ng4 Bd4 103.f6+ Bxf6 104.Nxf6 Kh8
105.Ng4 Kg7 106.Kf5 Kh7 107.Kf6 Kh8 108.Nxh6 {#r} 1-0

[Event "4th Gligoric Cup 2017"]
[Site "Novi Banovci SRB"]
[Date "2017.05.25"]
[Round "1.6"]
[White "Kovacevic,Dj"]
[Black "Ivas,J"]
[Result "0-1"]
[WhiteElo "2113"]
[BlackElo "2088"]

1.d4 d5 2.Nf3 Nf6 3.g3 c6 4.Bg2 e6 5.O-O Nbd7 6.Nbd2 Be7 7.b3 O-O 8.Bb2 c5
9.c3 b6 10.c4 Bb7 11.Ne5 Rb8 12.Rc1 cxd4 13.Nxd7 Qxd7 14.Bxd4 dxc4 15.Bxb7
Qxb7 16.Bxf6 Bxf6 17.Rxc4 b5 18.Rc2 Rfd8 19.e3 g6 20.Qf3 Qxf3 21.Nxf3 b4
22.Rfc1 Bc3 23.Ng5 Rb5 24.Ne4 Ra5 25.Nxc3 bxc3 26.Rxc3 h6 27.R1c2 Kg7 {#R} 0-1

[Event "4th Gligoric Cup 2017"]
[Site "Novi Banovci SRB"]
[Date "2017.05.26"]
[Round "2.3"]
[White "Jeremic,M BIH"]
[Black "Klasan,V"]
[Result "0-1"]
[WhiteElo "2172"]
[BlackElo "2378"]

1.d4 Nf6 2.Nf3 d5 3.Bf4 c5 4.e3 Nc6 5.Nc3 Bg4 6.Bb5 e6 7.h3 Bxf3 8.Qxf3 cxd4
9.exd4 Be7 10.O-O Rc8 11.Be5 O-O 12.Bxc6 Rxc6 13.Rfc1 Nd7 14.Ne2 Nxe5 15.dxe5
Rc4 16.b3 Re4 17.c4 Rxe5 18.Rd1 Qa5 19.cxd5 Rxd5 20.Nf4 Rxd1+ 21.Rxd1 Qc7
22.g3 Rd8 23.Rxd8+ Bxd8 24.h4 Bf6 25.Qe3 a6 26.Qe4 h6 27.Ng2 Qc1+ 28.Kh2 Qc6
29.Qd3 Qc5 30.Qf3 Qb6 31.Ne3 Bd4 32.Nc4 Qc7 33.Kg1 g6 34.a4 b5 35.axb5 axb5
36.Nd2 Qc1+ 37.Nf1 h5 38.Kg2 Kg7 39.Qd3 Qb2 40.Ne3 b4 41.Qc2 Qxc2 42.Nxc2 Bc5
43.Ne1 e5 44.Nd3 Bd6 45.f3 Kf6 46.Kf2 Ke6 47.g4 Kd5 48.Ke3 f5 49.gxh5 gxh5
50.Nb2 Bc5+ 51.Ke2 Kd4 52.Nd3 Be7 53.Kd2 Bd6 54.Ke2 Kc3 55.f4 e4 56.Ne5 Kxb3
{#R} 0-1

[Event "4th Gligoric Cup 2017"]
[Site "Novi Banovci SRB"]
[Date "2017.05.26"]
[Round "2.6"]
[White "Ugrcic,Z"]
[Black "Paroski,S"]
[Result "0-1"]
[WhiteElo "2008"]
[BlackElo "2213"]

1.Nf3 d5 2.d4 c6 3.g3 Nf6 4.Bg2 e6 5.O-O Be7 6.Bg5 Nbd7 7.Qd3 O-O 8.c4 b6
9.Nc3 Ba6 10.b3 Rc8 11.Rfd1 c5 12.Nb5 cxd4 13.Nfxd4 Nc5 14.Qb1 Nfe4 15.Bxe7
Qxe7 16.f3 Nf6 17.a4 dxc4 18.bxc4 Ncd7 19.Qa2 e5 20.Nf5 Qc5+ 21.Kh1 e4 22.Nfd6
exf3 23.exf3 Rcd8 24.Qa3 Qh5 25.a5 Bxb5 26.cxb5 Ne5 27.axb6 axb6 28.Qe3 Rxd6
29.Rxd6 Nc4 30.Qd4 Nxd6 31.Qxd6 Qxb5 32.Qd1 h5 33.Rb1 Qc5 34.Qg1 Nd5 35.Rc1
Qa3 36.Ra1 Qc3 37.Rc1 Qa3 38.Ra1 Qc3 39.Re1 Qa5 40.Ra1 Qc5 41.Rc1 Qxg1+
42.Kxg1 Ne3 43.Rb1 Nxg2 44.Kxg2 Rb8 45.Rb5 g6 46.Kf2 Kf8 47.Ke3 Ke7 48.Kd4 Kd6
49.f4 Kc6 50.Re5 b5 51.Kc3 Rd8 52.Re7 Rd7 53.Re4 Kb6 54.Re5 Ka5 55.f5 Ka4
56.fxg6 b4+ 57.Kc2 b3+ 58.Kc1 Rc7+ 59.Kb1 fxg6 60.Re6 Rf7 61.Rxg6 Rf1+ 62.Kb2
Rf2+ 63.Kb1 Rxh2 64.Rg8 Ka3 65.Ra8+ Kb4 66.Rc8 Rh3 67.Rg8 Kc3 68.Rc8+ Kd4
69.Rg8 Ke3 70.g4 h4 71.g5 Kf4 72.g6 Kf5 73.Kb2 Kf6 74.Kc1 Rg3 75.Rh8 h3
76.Rf8+ Kg7 {#R} 0-1

[Event "4th Gligoric Cup 2017"]
[Site "Novi Banovci SRB"]
[Date "2017.05.26"]
[Round "2.7"]
[White "Mehandzic,G"]
[Black "Ivas,J"]
[Result "1-0"]
[WhiteElo "2078"]
[BlackElo "2088"]

1.d4 d5 2.Bf4 Nf6 3.Nf3 e6 4.e3 c5 5.c3 Nc6 6.Bd3 Bd6 7.Bg5 h6 8.Bh4 a6 9.a4
cxd4 10.exd4 Be7 11.Nbd2 Nh5 12.Bxe7 Qxe7 13.O-O O-O 14.Re1 Nf4 15.Bf1 Qc7
16.b4 Bd7 17.g3 Ng6 18.Bd3 Nce7 19.Rc1 Rac8 20.h4 Nf5 21.Bxf5 exf5 22.h5 Nh8
23.Qb3 f4 24.Qxd5 fxg3 25.Re7 gxf2+ 26.Kxf2 Bc6 27.Rxc7 Bxd5 28.Rxc8 Rxc8
29.c4 f6 30.Nh4 Kf8 31.Nf5 Rc7 32.b5 axb5 33.axb5 b6 34.Ra1 Be6 35.Ne3 g5
36.Ra6 Bf7 37.Rxb6 Bxh5 38.Rb8+ Be8 39.b6 Re7 40.Nd5 Re6 41.Nc7 {#r} 1-0

[Event "4th Gligoric Cup 2017"]
[Site "Novi Banovci SRB"]
[Date "2017.05.26"]
[Round "2.8"]
[White "Sekulic,D"]
[Black "Pavkov,Nebojsa"]
[Result "0-1"]
[WhiteElo "2211"]
[BlackElo "2230"]

1.d4 d5 2.Nf3 e6 3.c4 Be7 4.e3 Nf6 5.Nbd2 c5 6.a3 O-O 7.dxc5 Bxc5 8.b4 Be7
9.Bb2 b6 10.Bd3 Bb7 11.O-O Nbd7 12.Qb3 Ne4 13.Rfd1 a5 14.Bxe4 dxe4 15.Nd4 axb4
16.axb4 Rxa1 17.Bxa1 Qb8 18.Qb1 Rc8 19.Nb5 Ne5 20.Nxe4 Nxc4 21.Ng3 Qa8 22.e4
Qa4 23.Rd7 Bxb4 24.Bc3 Bxc3 25.Rxb7 Bb4 26.Rc7 Rd8 27.Rxc4 Rd1+ 28.Qxd1 Qxd1+
29.Nf1 Bc5 30.Nd4 h6 31.Nc2 Kf8 32.g3 Ke7 33.Kg2 Kd6 34.Nce3 Qd3 35.Kf3 b5
36.Rc1 Kc6 37.Rc4 Qc3 38.Ke2 f5 39.exf5 exf5 {#R} 0-1

[Event "4th Gligoric Cup 2017"]
[Site "Novi Banovci SRB"]
[Date "2017.05.27"]
[Round "3.5"]
[White "Petakov,U"]
[Black "Irizanin,R"]
[Result "0-1"]
[WhiteElo "2346"]
[BlackElo "2355"]

1.d4 d5 2.Nf3 c6 3.e3 Bf5 4.c4 e6 5.Nc3 Nd7 6.Be2 h6 7.O-O Ngf6 8.Nh4 Bh7 9.f4
Bd6 10.cxd5 exd5 11.Bd3 Ne4 12.Bxe4 dxe4 13.Qg4 Qe7 14.Nf5 Bxf5 15.Qxf5 Nf6
16.Bd2 O-O 17.Be1 Rfe8 18.Bh4 Qd7 19.Qa5 b6 20.Qa4 b5 21.Qb3 b4 22.Bxf6 bxc3
23.Bh4 cxb2 24.Qxb2 c5 25.Rfd1 Rab8 26.Qc2 Qf5 27.Bf2 Rec8 28.d5 c4 29.h3 c3
30.g4 Qg6 31.f5 Qf6 32.Rac1 Qe5 33.Be1 Kh7 34.Qg2 c2 35.Rd4 Rb1 36.Bd2 Ba3
{#R} 0-1

[Event "4th Gligoric Cup 2017"]
[Site "Novi Banovci SRB"]
[Date "2017.05.28"]
[Round "5.6"]
[White "Gavric,Zi"]
[Black "Jeremic,M BIH"]
[Result "0-1"]
[WhiteElo "2085"]
[BlackElo "2172"]

1.d4 d5 2.Nf3 Nf6 3.Bf4 e6 4.e3 c5 5.c3 Nc6 6.Be2 Bd6 7.Bxd6 Qxd6 8.O-O O-O
9.Nbd2 e5 10.dxe5 Nxe5 11.Nxe5 Qxe5 12.Bf3 Bf5 13.Re1 Rad8 14.Nf1 Rfe8 15.Ng3
Bg6 16.Be2 h5 17.Bd3 h4 18.Nf1 Bh5 19.Be2 Bg6 20.Bd3 Be4 21.f3 Bg6 22.Qc2 Qh5
23.Rad1 b5 24.Bxg6 fxg6 25.e4 c4 26.Qf2 dxe4 27.Rxd8 Rxd8 28.fxe4 Re8 29.Nd2
h3 30.gxh3 Qxh3 31.Qg3 Qh6 32.Re2 Nh5 33.Qg4 Nf4 34.Re3 Rd8 35.Nf1 Nh5 36.e5
Rf8 37.Re1 Rf5 38.Ng3 Qd2 39.Qe2 Qg5 40.Qe3 Nxg3 41.hxg3 Qxe3+ 42.Rxe3 Kf7
43.e6+ Ke7 44.a4 a6 45.Re4 Rd5 46.axb5 axb5 47.Kf2 Rd2+ 48.Ke3 Rxb2 49.Kd4
Rd2+ 50.Kc5 Rd3 51.Rg4 Kxe6 52.Rxg6+ Kf7 53.Rg4 Rxc3 54.Kxb5 Kf6 55.Kc5 g5
56.Kd4 Ra3 57.Re4 Rxg3 58.Kxc4 Kf5 59.Re8 Ra3 60.Kd4 Kf4 61.Rf8+ Kg3 62.Ke4 g4
63.Rg8 Rf3 64.Rb8 Kg2 65.Ra8 g3 66.Ra1 Rf1 67.Ke3 Kg1 68.Ra8 g2 69.Rf8 Ra1
70.Ke2 Ra5 71.Rb8 Rh5 72.Kf3 {#R} 0-1